| 000 | 004710000a22001930004500 | ||
|---|---|---|---|
| 001 | 000628 | ||
| 003 | MACL | ||
| 005 | 20150828121631.0 | ||
| 008 | 150828b xxu||||| |||| 00| 0 eng d | ||
| 040 |
_aMACL _cMACL |
||
| 041 | _aEnglish | ||
| 082 | _a740/SAL | ||
| 100 |
_aDutta, Santo _97817 |
||
| 245 |
_aSurya Prakash _bA Journey Beyond Colours _cSanto Dutta |
||
| 260 |
_aHyderabad _c1994 _bSurya Gallery, |
||
| 350 | _a750 | ||
| 650 |
_aArt _97818 |
||
| 942 |
_k740 _cBK _2ddc |
||
| 999 |
_c628 _d628 |
||